Bernhard Groethuysen: deutsch-französischer Intellektueller, Philosoph und Religionssoziologe
Bernhard Groethuysen war Deutscher und Franzose, Europäer und Weltbürger, bedeutender Philosoph und Soziologe, Literaturkritiker und Übersetzer, vor allem aber ein großer Kommunikator und Vermittler: zwischen Literaturen, Nationen und Wissenschaften – eine interdisziplinäre und internationale Ein-Ma...
| Altri autori: | ; |
|---|---|
| Tipo di documento: | Stampa Libro |
| Lingua: | Tedesco Francese |
| Servizio "Subito": | Ordinare ora. |
| Verificare la disponibilità: | HBZ Gateway |
| WorldCat: | WorldCat |
| Interlibrary Loan: | Interlibrary Loan for the Fachinformationsdienste (Specialized Information Services in Germany) |
| Pubblicazione: |
Würzburg
Königshausen & Neumann
[2021]
|
| In: | Anno: 2021 |
| (sequenze di) soggetti normati: | B
Groethuysen, Bernhard 1880-1946
|
| Altre parole chiave: | B
Atti del convengo 2018 (Mersch)
|
| Accesso online: |
Indice |
MARC
| LEADER | 00000cam a2200000 c 4500 | ||
|---|---|---|---|
| 001 | 1745857656 | ||
| 003 | DE-627 | ||
| 005 | 20251226191429.0 | ||
| 007 | tu | ||
| 008 | 210127s2021 gw ||||| 00| ||ger c | ||
| 020 | |a 9783826072819 |c : EUR 49.80 (DE), EUR 51.20 (AT) |9 978-3-8260-7281-9 | ||
| 035 | |a (DE-627)1745857656 | ||
| 035 | |a (DE-599)DNB122549687X | ||
| 035 | |a (OCoLC)1233036775 | ||
| 040 | |a DE-627 |b ger |c DE-627 |e rda | ||
| 041 | |a ger |a fre | ||
| 044 | |c XA-DE-BY | ||
| 082 | 0 | |a 193 |q DE-101 | |
| 082 | 0 | 4 | |a 100 |a 300 |q DE-101 |
| 084 | |a RA04.06 |2 fivr | ||
| 084 | |a RA05.01 |2 fivr | ||
| 084 | |a SA02 |2 fivs | ||
| 084 | |a 0 |2 ssgn | ||
| 084 | |a BE 3310 |2 rvk |0 (DE-625)rvk/10561: | ||
| 084 | |a CI 1200 |2 rvk |0 (DE-625)rvk/18369: | ||
| 084 | |a CK 1400 |2 rvk |0 (DE-625)rvk/18707: | ||
| 084 | |a 08.25 |2 bkl | ||
| 084 | |a 08.43 |2 bkl | ||
| 084 | |a 08.37 |2 bkl | ||
| 245 | 0 | 0 | |a Bernhard Groethuysen |b deutsch-französischer Intellektueller, Philosoph und Religionssoziologe |c herausgegeben von Richard Faber und Claude D. Conter |
| 264 | 1 | |a Würzburg |b Königshausen & Neumann |c [2021] | |
| 264 | 4 | |c © 2021 | |
| 300 | |a 312 Seiten |b Illustrationen |c 23.5 cm x 15.5 cm | ||
| 336 | |a Text |b txt |2 rdacontent | ||
| 337 | |a ohne Hilfsmittel zu benutzen |b n |2 rdamedia | ||
| 338 | |a Band |b nc |2 rdacarrier | ||
| 500 | |a Literaturverzeichnis: Seite 295-312 | ||
| 520 | |a Bernhard Groethuysen war Deutscher und Franzose, Europäer und Weltbürger, bedeutender Philosoph und Soziologe, Literaturkritiker und Übersetzer, vor allem aber ein großer Kommunikator und Vermittler: zwischen Literaturen, Nationen und Wissenschaften – eine interdisziplinäre und internationale Ein-Mann-Institution. Dabei scheute er trotz großer Vorlesungserfolge an der Berliner Friedrich-Wilhelm-Universität die breitere Öffentlichkeit. 1933 verließ er umgehend das nationalsozialistische Deutschland, weil der so intensive wie stille Politik-Beobachter wusste, was kommen würde. Groethuysen wurde jetzt mehr denn je zum Franzosen, schließlich auch im staatsrechtlichen Sinn. Zugleich intensivierte er seine Luxemburger Kontakte. Früh schon war Groethuysen zum Colpacher Kreis um Aline Mayrisch de Saint-Hubert gestoßen, wo er viele Lebensfreundschaften schloss, nicht zuletzt mit André Gide, der ihn, gleich André Malraux, außerordentlich schätzte. Der engste der Groethuysenschen Freunde war freilich Jean Paulhan, Cheflektor des Pariser Verlags Gallimard und Redakteur der Nouvelle Revue Française. | ||
| 546 | |a Mit 1 Beitrag in französischer Sprache | ||
| 583 | 1 | |a Archivierung/Langzeitarchivierung gewährleistet |f SSG |x XA-DE-BW |2 pdager |5 DE-21 | |
| 601 | |a Intellektueller | ||
| 601 | |a Philosophie | ||
| 601 | |a Religionssoziologie | ||
| 655 | 7 | |a Konferenzschrift |y 2018 |z Mersch |0 (DE-588)1071861417 |0 (DE-627)826484824 |0 (DE-576)433375485 |2 gnd-content | |
| 689 | 0 | 0 | |d p |0 (DE-588)118542370 |0 (DE-627)134311663 |0 (DE-576)208941770 |2 gnd |a Groethuysen, Bernhard |d 1880-1946 |
| 689 | 0 | |5 DE-101 | |
| 700 | 1 | |e HerausgeberIn |0 (DE-588)124042465 |0 (DE-627)085599859 |0 (DE-576)293992991 |4 edt |a Faber, Richard |d 1943- | |
| 700 | 1 | |e HerausgeberIn |0 (DE-588)129283290 |0 (DE-627)392388820 |0 (DE-576)175808821 |4 edt |a Conter, Claude D. |d 1974- | |
| 856 | 4 | 2 | |u https://d-nb.info/122549687X/04 |m B:DE-101 |q application/pdf |x Verlag |3 Inhaltsverzeichnis |7 1 |
| 935 | |a IHoeB | ||
| 936 | r | v | |a BE 3310 |b Wissenschaftsgeschichte, Kongresse |k Theologie und Religionswissenschaften |k Religionswissenschaft |k Systematische Religionswissenschaft |k Religionssoziologie |k Wissenschaftsgeschichte, Kongresse |0 (DE-627)1273429079 |0 (DE-625)rvk/10561: |0 (DE-576)203429079 |
| 936 | r | v | |a CI 1200 |b Sammelwerke/Texte nicht aufgeführter Autoren |k Philosophie |k Geschichte der Philosophie |k Geschichte der Philosophie des Abendlandes von Antike bis 20. Jahrhundert |k Philosophie des 20. Jahrhunderts |k Deutschland und deutschsprachige Länder |k Autoren |k Sammelwerke/Texte nicht aufgeführter Autoren |0 (DE-627)1270648357 |0 (DE-625)rvk/18369: |0 (DE-576)200648357 |
| 936 | r | v | |a CK 1400 |b Sammelwerke/Texte nicht aufgeführter Autoren |k Philosophie |k Geschichte der Philosophie |k Geschichte der Philosophie des Abendlandes des 21. Jahrhundert |k Deutschland und deutschsprachige Länder |k Autoren |k Sammelwerke/Texte nicht aufgeführter Autoren |0 (DE-627)1433243830 |0 (DE-625)rvk/18707: |0 (DE-576)363243836 |
| 936 | b | k | |a 08.25 |j Zeitgenössische westliche Philosophie |q DA-3 |0 (DE-627)106403672 |
| 936 | b | k | |a 08.43 |j Geschichtsphilosophie |q DA-3 |0 (DE-627)106403028 |
| 936 | b | k | |a 08.37 |j Religionsphilosophie |q DA-3 |0 (DE-627)106405578 |
| 936 | f | i | |0 (DE-627)1756131651 |a RA04.06 |b Frankreich |k Europa |k Westeuropa |k Frankreich |2 fivr |
| 936 | f | i | |0 (DE-627)1756131678 |a RA05.01 |b Deutschland |k Europa |k Mitteleuropa |k Deutschland |2 fivr |
| 936 | f | i | |0 (DE-627)1756135258 |a SA02 |b Geschichte |k Allgemeine Literatur |k Geschichte |2 fivs |
| 936 | f | i | |a ZGF611 |b Geschichte |k Geschichte |q DE-Lg3 |2 fivw |
| 938 | 1 | 0 | |0 (DE-627)175614625X |0 (DE-615)6603417 |a Deutschland |2 fivt |
| 938 | 1 | 0 | |0 (DE-627)1756148325 |0 (DE-615)6603106 |a Frankreich |2 fivt |
| 938 | 1 | 0 | |0 (DE-627)1756177155 |0 (DE-615)6608528 |a Transnationale Beziehungen |2 fivt |
| 938 | 1 | 0 | |0 (DE-627)1756215553 |0 (DE-615)6609216 |a Wichtige Persönlichkeit des kulturellen Lebens |2 fivt |
| 938 | 1 | 0 | |0 (DE-627)1756222215 |0 (DE-615)6608432 |a Mittelspersonen (internationale Beziehungen) |2 fivt |
| 938 | 1 | 0 | |0 (DE-627)134311663 |0 (DE-588)118542370 |a Groethuysen, Bernhard |d 1880-1946 |2 gnd |2 fivt |
| 938 | 1 | 0 | |0 (DE-627)1756157510 |0 (DE-615)6604886 |a Intellektueller Dialog |2 fivt |
| 938 | 1 | 0 | |0 (DE-627)1756239452 |0 (DE-615)6609378 |a Persönliche Beziehungen/Kontakte |2 fivt |
| 938 | 1 | 0 | |0 (DE-627)175624314X |0 (DE-615)6606707 |a Intellektuelle |2 fivt |
| 938 | 1 | 0 | |0 (DE-627)175615337X |0 (DE-615)6607541 |a Geisteswissenschaften |2 fivt |
| 938 | 1 | 1 | |0 (DE-627)1756232326 |0 (DE-615)6601218 |a Philosophie |2 fiva |
| 938 | 1 | 1 | |0 (DE-627)1756139156 |0 (DE-615)6604227 |a Anthropologie |2 fiva |
| 938 | 1 | 1 | |0 (DE-627)400007460 |0 (DE-588)118576844 |a Malraux, André |d 1901-1976 |2 gnd |2 fiva |
| 938 | 1 | 1 | |a Paulhan, Jean |2 fiva |
| 938 | 1 | 1 | |0 (DE-627)1756201056 |0 (DE-615)6600495 |a Politische Grundwerte |2 fiva |
| 938 | 1 | 1 | |0 (DE-627)1756147566 |0 (DE-615)6603528 |a Marxismus |2 fiva |
| 938 | 1 | 1 | |0 (DE-627)1756180024 |0 (DE-615)6610304 |a Religionssoziologie |2 fiva |
| 951 | |a BO | ||
| ACO | |a 1 | ||
| ELC | |b 1 | ||
| ITA | |a 1 |t 1 | ||
| LOK | |0 000 xxxxxcx a22 zn 4500 | ||
| LOK | |0 001 390992221X | ||
| LOK | |0 003 DE-627 | ||
| LOK | |0 004 1745857656 | ||
| LOK | |0 005 20210428093530 | ||
| LOK | |0 008 210415||||||||||||||||ger||||||| | ||
| LOK | |0 040 |a DE-21 |c DE-627 |d DE-21 | ||
| LOK | |0 852 |a DE-21 | ||
| LOK | |0 852 1 |c 61 A 2406 |9 00 | ||
| LOK | |0 938 |a 2104 |f 3 | ||
| LOK | |0 939 |a 15-04-21 |b l01 | ||
| ORI | |a SA-MARC-ixtheoa001.raw | ||
| REL | |a 1 | ||
| SUB | |a REL | ||
| SYG | 0 | 0 | |a Groethuisen, Bernard,1880-1946,Groethuysen, Bérnard,1880-1946,Groethugsen, Bernhard,1880-1946,Groethuijsen, Bernhard,1880-1946,Groethysen, Bernard,1880-1946,Groethuysen, B.,1880-1946,Groethuysen, Bernard,1880-1946,Groethuyzen, Bernard,1880-1946 |
| TIM | |a 100020180101_100020181231 |b 2018 - 2018 | ||